| 000 | 00610nam a2200193 4500 | ||
|---|---|---|---|
| 001 | 136638 | ||
| 003 | ES-MaACL | ||
| 007 | t| | ||
| 008 | 070214s1975 sp r ||||1| spa d | ||
| 100 | 1 |
_aRuwet, Jean-Claude. _9101082 |
|
| 245 | 1 | 0 |
_aEtología _b: Biología del comportamiento / _cJean-Claude Ruwet ; [versión de Josep A. Pombo]. |
| 260 |
_aBarcelona : _bHerder, _c1975. |
||
| 300 |
_a191 p. : _bil. ; _c22 cm. |
||
| 490 | 1 | _aBiblioteca de Psicología | |
| 700 | 1 |
_aPombo, Josep A. _992907 |
|
| 830 | 0 |
_aBiblioteca de Psicología _9180745 |
|
| 852 |
_aES-MaACL _jE-8430 _bR.92212 |
||
| 999 |
_c136638 _d136638 |
||